LEADER 01003nam0-2200361---450- 001 990008565830403321 005 20071017143508.0 010 $a978-0-8218-4203-4 035 $a000856583 035 $aFED01000856583 035 $a(Aleph)000856583FED01 035 $a000856583 100 $a20071017d2007----km-y0itay50------ba 101 0 $aeng 102 $aUS 105 $aa---a---001yy 200 1 $aApproximate approximations$fV. Maz'ya, G. Schmidt 210 $aProvidence$cAmerican Mathematical Society$dc2007 215 $axiv, 348 p.$d24 cm 225 1 $aMathematical surveys and monographs 610 0 $aApprossimazioni e sviluppi 676 $a511.4$v22 700 1$aMaz'ya,$bVladimir$061872 701 1$aSchmidt,$bGunther$0502593 801 0$aIT$bUNINA$gRICA$2UNIMARC 901 $aBK 912 $a990008565830403321 952 $aC-46-(141$b22185$fMA1 959 $aMA1 962 $a41A30 962 $a41-XX 996 $aApproximate approximations$9711724 997 $aUNINA LEADER 02061nam1 2200361 i 450 001 CFI0050517 005 20251003044115.0 100 $a20160412g1987 ||||0itac50 ba 101 | $aita 102 $ait 181 1$6z01$ai $bxxxe 182 1$6z01$an 183 1$6z01$anc$2RDAcarrier 200 1 $aˆI ‰rapporti economici nella Costituzione$erassegna di 40 anni di giurisprudenza sul titolo 3 210 $aMilano$cGiuffrè 215 $a v.$d25 cm. 327 $av. 4: Indici. - c1990. - 250 p.. -v. 1: Il Lavoro e la previdenza : art. 35, 36, 37, 38 / a cura di Massimo Genghini ; saggio introduttivo di P. Rescigno. - c1987. - XXIII, 801 p., [1] c. di tav. : 1 ritr.. -v. 3: Impresa, proprietà e credito / a cura di Massimo Genghini, Aurelio Gentili, Michele Tamponi ; saggio introduttivo di P. Rescigno. - c1989. - 667 p.. -v. 2: Il diritto sindacale : art. 39 e 40 / a cura di Mario Buoncristiano ; saggio introduttivo di P. Rescigno. - c1987. - 202 p. 463 1$1001CFI0050512$12001 $a1$eˆIl ‰lavoro e la previdenza$eart. 35, 36, 37, 38$fa cura di Massimo Genghini$gsaggio introduttivo di P. Rescigno$v1 463 1$1001CFI0050524$12001 $a2$eˆIl ‰diritto sindacale$eart. 39 e 40$fa cura di Mario Buoncristiano$gsaggio introduttivo di P. Rescigno$v2 463 1$1001CFI0157550$12001 $aˆ4: ‰Indici$v4 463 1$1001CFI0169968$12001 $aˆ3: ‰Impresa, proprietà e credito$eartt. 41, 45, 47$fAurelio Gentili$gartt. 42, 43, 44$v3 606 $aDiritto del lavoro$xGiurisprudenza$2FIR$3CFIC014634$9I 676 $a344.450102643$9DIRITTO DEL LAVORO. ITALIA. DECISIONI DEI TRIBUNALI$v19 676 $a344.450102643$9DIRITTO DEL LAVORO. ITALIA. Sentenze di tribunali$v21 801 3$aIT$bIT-000000$c20160412 850 $aIT-BN0095 901 $bNAP 01$cGUERRAZZI $n$ 912 $aCFI0050517 950 1$aBiblioteca Centralizzata di Ateneo$bv. 1-4$cv. 1-4$d 01GUERRAZZI C 0150 967 $m4 977 $a 01 996 $aRapporti economici nella Costituzione$9248560 997 $aUNISANNIO